[Event "EtVaS 40v turnaus"]
[Site "Helsinki"]
[Date "2014.05.17"]
[Round "3.6"]
[White "Hartio, Ilkka"]
[Black "Lehtosaari, Mauri"]
[Result "1/2-1/2"]
[WhiteElo "2073"]
[BlackElo "2117"]
[PlyCount "27"]
[EventDate "2014.??.??"]
[WhiteClock "1:12:26"]
[BlackClock "1:07:18"]

1. Nf3 d5 2. g3 Nf6 3. Bg2 c6 4. O-O g6 5. d3 Bg7 6. Nbd2 O-O 7. e4 Bg4 8. h3
Bxf3 9. Qxf3 Nbd7 10. d4 dxe4 11. Nxe4 Nxe4 12. Qxe4 e5 13. dxe5 Nxe5 14. Bf4
1/2-1/2

[Event "EtVaS 40v turnaus"]
[Site "Helsinki"]
[Date "2014.05.17"]
[Round "3.7"]
[White "Elomaa, Arto"]
[Black "Hallman, Valo"]
[Result "1-0"]
[WhiteElo "2121"]
[BlackElo "1875"]
[PlyCount "61"]
[EventDate "2014.??.??"]
[WhiteClock "0:45:57"]
[BlackClock "0:59:27"]

1. e4 d5 2. exd5 Nf6 3. d4 Nxd5 4. Nf3 Bf5 5. a3 e6 6. c4 Nf6 7. Nc3 Be7 8. Be2
h6 9. O-O O-O 10. h3 c5 11. dxc5 Bxc5 12. b4 Be7 13. Be3 Nbd7 14. Qb3 e5 15.
Rfd1 Qc7 16. Nb5 Qb8 17. c5 Be6 18. Bc4 Bxc4 19. Qxc4 a5 20. Nh4 axb4 21. Nf5
Re8 22. Nbd6 Bxd6 23. Nxd6 Re7 24. axb4 Rxa1 25. Rxa1 Nb6 26. Qh4 Nbd5 27. Nf5
Re6 28. Bxh6 gxh6 29. Qg3+ Ng4 30. Qxg4+ Rg6 31. Qf3 1-0

[Event "EtVaS 40v turnaus"]
[Site "Helsinki"]
[Date "2014.05.17"]
[Round "3.8"]
[White "Seppänen, Ville"]
[Black "Hallenberg, Sami"]
[Result "0-1"]
[WhiteElo "2072"]
[BlackElo "2135"]
[PlyCount "56"]
[EventDate "2014.??.??"]
[WhiteClock "0:00:57"]
[BlackClock "0:08:33"]

1. d4 f5 2. g3 Nf6 3. Bg2 g6 4. Nf3 Bg7 5. O-O O-O 6. c4 d6 7. Nc3 Nc6 8. d5
Ne5 9. Nxe5 dxe5 10. e4 f4 11. f3 g5 12. g4 h5 13. h3 hxg4 14. hxg4 c6 15. Qe2
Qb6+ 16. Qf2 Qb4 17. Rd1 Bxg4 18. a3 Qb3 19. fxg4 Nxg4 20. Qc5 f3 21. Bf1 Rf6
22. Bd2 Raf8 23. Qb4 Qxb4 24. axb4 Rh6 25. Bg2 Rh2 26. Bxf3 Rxf3 27. Be1 Rfh3
28. Rdc1 Ne3 0-1

[Event "EtVaS 40v turnaus"]
[Site "Helsinki"]
[Date "2014.05.17"]
[Round "3.9"]
[White "Demidov, Jan"]
[Black "Syvälahti, Heikki"]
[Result "0-1"]
[WhiteElo "1924"]
[BlackElo "1982"]
[PlyCount "82"]
[EventDate "2014.??.??"]
[WhiteClock "0:03:20"]
[BlackClock "0:09:48"]

1. e4 d5 2. exd5 Qxd5 3. Nc3 Qa5 4. d4 Nf6 5. Nf3 c6 6. Bc4 Bf5 7. O-O e6 8. a3
Bd6 9. Re1 O-O 10. Bg5 Nbd7 11. Bd3 Bg4 12. Bxf6 Nxf6 13. h3 Bh5 14. Ne4 Nxe4
15. Bxe4 Be7 16. b4 Qc7 17. g4 Bg6 18. Bxg6 hxg6 19. Qd2 Rad8 20. Qe3 b6 21. c4
Bd6 22. c5 Bf4 23. Qc3 Rd5 24. Rab1 Rfd8 25. Kg2 Qd7 26. a4 Rc8 27. Re2 g5 28.
Rbe1 Rb8 29. Rb2 bxc5 30. bxc5 Rxb2 31. Qxb2 e5 32. dxe5 Rxc5 33. Qb8+ Kh7 34.
Re4 Rd5 35. Rb4 Rd3 36. Rxf4 gxf4 37. Ng5+ Kg6 38. Qh8 Qd5+ 39. Kh2 Qxe5 40. h4
Kf6 41. Qh5 Qd5 0-1

[Event "EtVaS 40v turnaus"]
[Site "Helsinki"]
[Date "2014.05.17"]
[Round "3.10"]
[White "Tumanov, Dmitri"]
[Black "Ertbjerg, Per"]
[Result "0-1"]
[WhiteElo "2010"]
[BlackElo "2003"]
[PlyCount "58"]
[EventDate "2014.??.??"]
[WhiteClock "1:07:03"]
[BlackClock "0:22:43"]

1. d4 Nf6 2. Nc3 d5 3. e4 dxe4 4. Bg5 Bf5 5. Qe2 Nbd7 6. Bxf6 Nxf6 7. Qb5+ Bd7
8. Qxb7 Rb8 9. Qxa7 Rxb2 10. Bc4 e6 11. Bb3 Bb4 12. Nge2 Nd5 13. Bxd5 exd5 14.
O-O-O Bxc3 15. Nxc3 Rb8 16. Nxd5 O-O 17. Qxc7 Qg5+ 18. Ne3 Ba4 19. Qe5 Qg6 20.
d5 Rfe8 21. Qd4 Qa6 22. Nf5 f6 23. d6 Bd7 24. Ne7+ Kh8 25. Qxe4 Qa3+ 26. Kd2
Qxd6+ 27. Qd3 Qxe7 28. Kc1 Bb5 29. Qd6 Qf7 0-1

[Event "EtVaS 40v turnaus"]
[Site "Helsinki"]
[Date "2014.05.18"]
[Round "4.1"]
[White "Kiik, Kalle"]
[Black "Åberg, Tomi"]
[Result "1-0"]
[WhiteElo "2415"]
[BlackElo "2123"]
[PlyCount "117"]
[EventDate "2014.??.??"]

1. e4 e5 2. Bc4 Nf6 3. d3 c6 4. Nf3 d5 5. Bb3 Bd6 6. O-O dxe4 7. Ng5 O-O 8.
Nxe4 Nxe4 9. dxe4 Na6 10. Be3 Bc5 11. Qxd8 Rxd8 12. Bg5 Re8 13. Nd2 Bb6 14. Nc4
Bc7 15. Be3 b5 16. Nd2 Bb6 17. Bxb6 axb6 18. a4 bxa4 19. Rxa4 Bb7 20. Rfa1 Rad8
21. Nf1 Nc5 22. Ra7 Nxb3 23. cxb3 Bc8 24. Ne3 Be6 25. Rc7 Rd3 26. Rxc6 Rxb3 27.
Rc2 Kf8 28. Rd2 Rc8 29. Kf1 Ke8 30. Ke2 Rd8 31. Rc2 Rd4 32. f3 Rd8 33. Ra7 Rd7
34. Ra8+ Rd8 35. Rxd8+ Kxd8 36. h4 Kd7 37. Rd2+ Ke7 38. Kf2 f6 39. Ke2 Ke8 40.
Nd1 Bc4+ 41. Ke1 Rd3 42. Rxd3 Bxd3 43. Kd2 Bb5 44. Ne3 Kd7 45. h5 Ke6 46. Nd5
Bf1 47. g4 b5 48. Ne3 Bh3 49. Ke2 Kd6 50. b4 g6 51. h6 f5 52. exf5 gxf5 53.
Nxf5+ Kd5 54. Ne3+ Kd4 55. Kf2 Kd3 56. Nd5 Kc4 57. Nf6 e4 58. Nxh7 exf3 59. Nf6
1-0

[Event "EtVaS 40v turnaus"]
[Site "Helsinki"]
[Date "2014.05.18"]
[Round "4.2"]
[White "Norri, Joose"]
[Black "Järvenpää, Jari"]
[Result "0-1"]
[WhiteElo "2373"]
[BlackElo "2282"]
[PlyCount "54"]
[EventDate "2014.??.??"]
[WhiteClock "0:56:43"]
[BlackClock "0:19:12"]

1. e4 c6 2. Nc3 d5 3. Nf3 Nf6 4. e5 Ne4 5. d3 Nxc3 6. bxc3 e6 7. h4 c5 8. h5 h6
9. Rh4 Nc6 10. d4 Bd7 11. Rg4 Qc7 12. Rb1 O-O-O 13. Bb5 cxd4 14. Bxc6 Qxc6 15.
Qxd4 Kb8 16. Be3 Qa6 17. c4 Ba4 18. cxd5 Bxc2 19. Rb2 Bf5 20. d6 Bxg4 21. Qxg4
f6 22. Nd4 fxe5 23. Nb5 Bxd6 24. Bxa7+ Ka8 25. Qxg7 Qa5+ 26. Kf1 Bb4 27. Nd6
Qa6+ 0-1

[Event "EtVaS 40v turnaus"]
[Site "Helsinki"]
[Date "2014.05.18"]
[Round "4.3"]
[White "Nazarova, Anastasia"]
[Black "Luukkonen, Tommi"]
[Result "0-1"]
[WhiteElo "1817"]
[BlackElo "2348"]
[PlyCount "130"]
[EventDate "2014.??.??"]
[WhiteClock "0:40:50"]
[BlackClock "0:45:13"]

1. e4 c5 2. Nf3 d6 3. Bc4 Nc6 4. c3 Nf6 5. d3 g6 6. h3 Bg7 7. Be3 a6 8. a4 O-O
9. O-O b6 10. Bb3 e5 11. Nbd2 d5 12. Qe2 h6 13. exd5 Nxd5 14. Nc4 Re8 15. Rfd1
Nd4 16. cxd4 exd4 17. Qd2 dxe3 18. fxe3 Bb7 19. e4 Nb4 20. a5 b5 21. Nb6 Rb8
22. Rac1 Nxd3 23. Qxd3 Qxd3 24. Rxd3 c4 25. Bxc4 bxc4 26. Rxc4 Bxe4 27. Re3 f5
28. Nd2 Bxg2 29. Rxe8+ Rxe8 30. Kxg2 Re2+ 31. Kf3 Rxd2 32. b4 Rh2 33. Rc8+ Kh7
34. Ra8 Rxh3+ 35. Ke2 Rb3 36. Nd5 f4 37. Nxf4 Rxb4 38. Nd3 Re4+ 39. Kf3 Re6 40.
Nb4 Bc3 41. Ra7+ Kg8 42. Rxa6 Rxa6 43. Nxa6 Bxa5 44. Nc5 Kf7 45. Ne4 Bc7 46.
Nf2 h5 47. Nh3 Kf6 48. Kf2 Kf5 49. Kf3 Be5 50. Kg2 Bf4 51. Kf3 Bh6 52. Kg3 Bf8
53. Kf3 Bd6 54. Kg2 Kg4 55. Nf2+ Kf4 56. Nh3+ Ke3 57. Ng5 Be7 58. Nf3 Kf4 59.
Ng1 Bc5 60. Nh3+ Kg4 61. Kh2 Be3 62. Kg2 h4 63. Kh1 Kg3 64. Nf2 Kxf2 65. Kh2 g5
0-1

[Event "EtVaS 40v turnaus"]
[Site "Helsinki"]
[Date "2014.05.18"]
[Round "4.4"]
[White "Lehtosaari, Mauri"]
[Black "Elomaa, Arto"]
[Result "1-0"]
[WhiteElo "2117"]
[BlackElo "2121"]
[PlyCount "73"]
[EventDate "2014.??.??"]
[WhiteClock "0:02:49"]
[BlackClock "0:00:34"]

1. c4 e5 2. Nc3 Nf6 3. g3 Bb4 4. Bg2 O-O 5. e3 Bxc3 6. bxc3 e4 7. f3 Qe7 8.
fxe4 Nxe4 9. d3 Nc5 10. Ne2 d6 11. O-O Bg4 12. Qc2 Bxe2 13. Qxe2 Nbd7 14. Rb1
Rab8 15. Bd2 b6 16. Rf2 Ne6 17. Rbf1 b5 18. cxb5 Rxb5 19. Bc1 a6 20. d4 c5 21.
Qd3 cxd4 22. cxd4 Nb6 23. Bc6 Rh5 24. Qxa6 Nd5 25. Qe2 g6 26. Rg2 Nb4 27. Bf3
Ra5 28. a3 Na6 29. Qd2 Qc7 30. Bb2 Ng5 31. d5 Nxf3+ 32. Rxf3 Qc5 33. Rgf2 Nc7
34. e4 Rb5 35. Kg2 Rfb8 36. Bd4 Qc4 37. Rxf7 1-0

[Event "EtVaS 40v turnaus"]
[Site "Helsinki"]
[Date "2014.05.18"]
[Round "4.5"]
[White "Parkkinen, Jyrki"]
[Black "Hartio, Ilkka"]
[Result "1-0"]
[WhiteElo "2197"]
[BlackElo "2073"]
[PlyCount "61"]
[EventDate "2014.??.??"]
[WhiteClock "1:02:00"]
[BlackClock "1:17:28"]

1. d4 Nf6 2. c4 g6 3. Nc3 d5 4. cxd5 Nxd5 5. e4 Nxc3 6. bxc3 Bg7 7. Bg5 c5 8.
Rc1 O-O 9. Nf3 cxd4 10. cxd4 Nc6 11. d5 Ne5 12. Nxe5 Bxe5 13. Bc4 Qd6 14. Qd2
Bf6 15. O-O Bd7 16. Bxf6 Qxf6 17. Rfe1 e5 18. Bb3 Qd6 19. Qa5 b6 20. Qa6 Qb4
21. Qb7 Ba4 22. Bxa4 Qxa4 23. d6 Qxa2 24. d7 Rad8 25. Red1 Qe6 26. Rc6 Qe7 27.
Qxa7 b5 28. Qb7 f6 29. Rcd6 Rb8 30. Qxb8 Rxb8 31. d8=Q+ 1-0

[Event "EtVaS 40v turnaus"]
[Site "Helsinki"]
[Date "2014.05.18"]
[Round "4.6"]
[White "Hallenberg, Sami"]
[Black "Sorvari, Jarmo"]
[Result "1-0"]
[WhiteElo "2135"]
[BlackElo "2013"]
[PlyCount "71"]
[EventDate "2014.??.??"]
[WhiteClock "0:09:29"]
[BlackClock "0:08:32"]

1. e4 c5 2. Nf3 d6 3. d4 cxd4 4. Nxd4 Nf6 5. Nc3 a6 6. Bg5 e6 7. f4 b5 8. e5
dxe5 9. fxe5 Qc7 10. exf6 Qe5+ 11. Be2 Qxg5 12. O-O Ra7 13. fxg7 Bxg7 14. Nf3
Qc5+ 15. Kh1 Rd7 16. Bd3 Bb7 17. Qe1 O-O 18. Qh4 h6 19. Rae1 Qe7 20. Qh3 Nc6
21. Nh4 Ne5 22. Be4 Qg5 23. Bxb7 Rxb7 24. Re4 f5 25. Re2 Ng4 26. Nf3 Qg6 27.
Qg3 b4 28. Nd1 e5 29. h3 e4 30. Nh4 Qg5 31. hxg4 f4 32. Qh3 h5 33. gxh5 Bf6 34.
Rxe4 Rh7 35. Rexf4 Qxh5 36. Qg4+ 1-0

[Event "EtVaS 40v turnaus"]
[Site "Helsinki"]
[Date "2014.05.18"]
[Round "4.7"]
[White "Syvälahti, Heikki"]
[Black "Lönnqvist, Henrik"]
[Result "1-0"]
[WhiteElo "1982"]
[BlackElo "2059"]
[PlyCount "82"]
[EventDate "2014.??.??"]
[WhiteClock "0:02:54"]
[BlackClock "0:00:36"]

1. Nf3 Nf6 2. g3 g6 3. Bg2 Bg7 4. d4 O-O 5. O-O d6 6. Re1 c5 7. c3 cxd4 8. cxd4
d5 9. Ne5 Be6 10. Nc3 Qb6 11. Na4 Qd6 12. Bf4 Qd8 13. Nc5 Bc8 14. Qa4 b6 15.
Ncd3 Bb7 16. Bf3 Ne4 17. h4 f6 18. Ng4 Nc6 19. Rac1 Rc8 20. Rc2 h5 21. Nh2 e5
22. Be3 Nxd4 23. Bxd4 Rxc2 24. Qxc2 exd4 25. Rc1 Bh6 26. Nf4 Bxf4 27. gxf4 Qd6
28. f5 gxf5 29. Bxh5 Qf4 30. Rf1 Rc8 31. Qd3 Qxh4 32. Bf3 Rc7 33. Bg2 Rg7 34.
f3 Qg3 35. Ng4 fxg4 36. fxe4 Qe5 37. Rf5 Qc7 38. Rxf6 dxe4 39. Bxe4 Bxe4 40.
Qxe4 Qe7 41. Re6 Qd7 1-0

[Event "EtVaS 40v turnaus"]
[Site "Helsinki"]
[Date "2014.05.18"]
[Round "4.8"]
[White "Hallman, Valo"]
[Black "Tuovinen, Jukka"]
[Result "1-0"]
[WhiteElo "1875"]
[BlackElo "2062"]
[PlyCount "109"]
[EventDate "2014.??.??"]
[WhiteClock "0:11:52"]
[BlackClock "0:07:59"]

1. d4 Nf6 2. Nf3 d5 3. g3 e6 4. Bg2 Be7 5. O-O O-O 6. c4 dxc4 7. Ne5 c5 8. dxc5
Qc7 9. Nxc4 Bxc5 10. Nc3 Bxf2+ 11. Rxf2 Qxc4 12. Rxf6 gxf6 13. Bh6 Nd7 14. Bxf8
Kxf8 15. Ne4 f5 16. Rc1 Qd5 17. Qxd5 exd5 18. Nd6 Nb6 19. Nxc8 Rxc8 20. Rxc8+
Nxc8 21. Bxd5 Nd6 22. Kf2 Ke7 23. Ke3 Kf6 24. Kd4 b6 25. a4 Ne8 26. Bc6 Nc7 27.
Bd7 h6 28. e3 Na6 29. Kd5 Nc5 30. Bb5 Ne4 31. Kc6 Ke5 32. Kb7 Kd6 33. Kxa7 Kc7
34. Bd3 Nf2 35. Be2 Ne4 36. b4 Nc3 37. Bb5 Nd5 38. a5 bxa5 39. bxa5 Nxe3 40.
Bd3 f6 41. h3 f4 42. gxf4 f5 43. Ka6 Nd5 44. Bxf5 Nxf4 45. h4 Ng2 46. Be4 Ne3
47. Kb5 Kb8 48. Kc5 Ka7 49. Kd4 Ng4 50. Bd3 Kb7 51. Ke4 Nf2+ 52. Ke3 Ng4+ 53.
Kf4 Nf2 54. Be2 Nh3+ 55. Kg3 1-0

[Event "EtVaS 40v turnaus"]
[Site "Helsinki"]
[Date "2014.05.18"]
[Round "4.9"]
[White "Ertbjerg, Per"]
[Black "Seppänen, Ville"]
[Result "1-0"]
[WhiteElo "2003"]
[BlackElo "2072"]
[PlyCount "57"]
[EventDate "2014.??.??"]
[WhiteClock "0:16:18"]
[BlackClock "0:07:30"]

1. c4 c6 2. d4 d5 3. Nf3 Nf6 4. Nc3 dxc4 5. a4 Bf5 6. Ne5 Nbd7 7. Nxc4 Nb6 8.
Ne5 a5 9. f3 Nfd7 10. Nd3 Bxd3 11. Qxd3 e5 12. e3 Bb4 13. Be2 O-O 14. O-O exd4
15. exd4 h6 16. Bd1 Nc5 17. Qe2 Qxd4+ 18. Be3 Qh4 19. Bc2 Rfe8 20. Ne4 Nxe4 21.
fxe4 Nd7 22. Rf4 Qe7 23. Kh1 Bd6 24. Rf5 f6 25. Rd1 Be5 26. Qg4 Kh7 27. Rh5 Nf8
28. Qf5+ Ng6 29. Rd7 1-0

[Event "EtVaS 40v turnaus"]
[Site "Helsinki"]
[Date "2014.05.18"]
[Round "4.10"]
[White "Tumanov, Dmitri"]
[Black "Demidov, Jan"]
[Result "0-1"]
[WhiteElo "2010"]
[BlackElo "1924"]
[PlyCount "48"]
[EventDate "2014.??.??"]
[WhiteClock "0:57:39"]
[BlackClock "0:29:51"]

1. Nf3 d5 2. c4 c6 3. b3 Nf6 4. Bb2 Bg4 5. g3 Nbd7 6. Bg2 Bxf3 7. exf3 e5 8.
Qe2 Bd6 9. f4 O-O 10. f5 Re8 11. cxd5 cxd5 12. Nc3 e4 13. Nb5 Be5 14. Bxe5 Nxe5
15. O-O a6 16. Nc3 Rc8 17. h3 b5 18. g4 h6 19. Qd1 Qb6 20. h4 b4 21. Na4 Qd6
22. f4 Nexg4 23. h5 Qd7 24. Nb6 Qa7 0-1

[Event "EtVaS 40v turnaus"]
[Site "Helsinki"]
[Date "2014.05.18"]
[Round "5.2"]
[White "Järvenpää, Jari"]
[Black "Luukkonen, Tommi"]
[Result "0-1"]
[WhiteElo "2282"]
[BlackElo "2348"]
[PlyCount "70"]
[EventDate "2014.??.??"]

1. b3 e5 2. Bb2 Nc6 3. e3 Nf6 4. c4 d5 5. cxd5 Nxd5 6. a3 Bd6 7. Ne2 O-O 8.
Nbc3 Nb6 9. d4 Bg4 10. d5 Ne7 11. e4 Ng6 12. Qd2 a5 13. f3 Bd7 14. Ng3 Nf4 15.
Nb5 a4 16. b4 Qe8 17. Nxd6 cxd6 18. Qf2 Qd8 19. Rc1 Rc8 20. Be2 h5 21. Nf1 Qg5
22. Ne3 Nxg2+ 23. Kd2 Nf4 24. Rhg1 Qh6 25. Qg3 Nh3 26. Rgd1 h4 27. Qg2 Nf4 28.
Qg1 f5 29. Bf1 fxe4 30. fxe4 Nh3 31. Bxh3 Bxh3 32. Ke2 Qf4 33. Kd3 Bd7 34. Rxc8
Rxc8 35. Nf5 Bb5# 0-1

[Event "EtVaS 40v turnaus"]
[Site "Helsinki"]
[Date "2014.05.18"]
[Round "5.3"]
[White "Åberg, Tomi"]
[Black "Syvälahti, Heikki"]
[Result "1-0"]
[WhiteElo "2123"]
[BlackElo "1982"]
[PlyCount "39"]
[EventDate "2014.??.??"]
[WhiteClock "0:38:50"]
[BlackClock "0:26:39"]

1. d4 Nf6 2. c4 g6 3. Nf3 Bg7 4. Nc3 d5 5. e3 O-O 6. Qb3 dxc4 7. Bxc4 Nc6 8.
Be2 Na5 9. Qa3 Nc6 10. O-O Qd6 11. Qa4 e5 12. b3 e4 13. Ba3 Qe6 14. Bxf8 exf3
15. Bxf3 Kxf8 16. d5 Nxd5 17. Bxd5 Qf5 18. Bxc6 Bxc3 19. Rac1 Bb2 20. Bxb7 1-0

[Event "EtVaS 40v turnaus"]
[Site "Helsinki"]
[Date "2014.05.18"]
[Round "5.4"]
[White "Hallenberg, Sami"]
[Black "Lehtosaari, Mauri"]
[Result "0-1"]
[WhiteElo "2135"]
[BlackElo "2117"]
[PlyCount "160"]
[EventDate "2014.??.??"]
[WhiteClock "0:00:43"]
[BlackClock "0:02:03"]

1. e4 c5 2. Nf3 e6 3. d4 cxd4 4. Nxd4 Qb6 5. Nb3 Qc7 6. Bd3 a6 7. O-O b5 8. f4
d6 9. f5 Nf6 10. Qf3 e5 11. Be3 Nbd7 12. N1d2 Nb6 13. c4 b4 14. Qg3 h5 15. h3
Na4 16. c5 h4 17. Qf2 dxc5 18. Rac1 Nd7 19. Rc2 Be7 20. Rfc1 Bb7 21. Qe2 Qd8
22. Nc4 a5 23. Rd1 Qc7 24. Rcd2 O-O 25. Qg4 Nf6 26. Qf3 Rad8 27. Bf2 Rxd3 28.
Qxd3 Bxe4 29. Qe2 Nb6 30. Nbxa5 Nbd5 31. Rxd5 Bxd5 32. Qxe5 Qxe5 33. Nxe5 Rc8
34. Nac4 Be4 35. Bxh4 Bxf5 36. a3 Be6 37. a4 b3 38. Rd3 Nd5 39. Bxe7 Nxe7 40.
Nb6 Rc7 41. a5 Ra7 42. Nec4 Nc6 43. Rxb3 Nxa5 44. Ra3 Nxc4 45. Rxa7 Nxb6 46.
Rb7 Nd7 47. Kf2 Kf8 48. Ke3 Ke7 49. h4 Bd5 50. Ra7 Bxg2 51. Kf4 g6 52. Ra6 Bb7
53. Ra7 Bc6 54. Ke3 Kd6 55. Kf4 Kd5 56. Ke3 Ne5 57. Kd2 Nf3+ 58. Ke3 Nxh4 59.
Rxf7 Nf5+ 60. Kd3 Bb5+ 61. Kc3 Nd6 62. Rg7 Ne4+ 63. Kc2 g5 64. Rg8 Bd7 65. Rd8
Nf6 66. Kd3 Ke5 67. Ke3 g4 68. Rh8 Bc6 69. Rc8 Nd5+ 70. Kf2 Ne7 71. Rc7 Kd6 72.
Ra7 Nf5 73. Rf7 g3+ 74. Kg1 Nd4 75. Rg7 g2 76. Kf2 Ne6 77. Rg4 Ke5 78. Ke3 Kf5
79. Rg3 Ng5 80. Kf2 Ne4+ 0-1

[Event "EtVaS 40v turnaus"]
[Site "Helsinki"]
[Date "2014.05.18"]
[Round "5.6"]
[White "Elomaa, Arto"]
[Black "Nazarova, Anastasia"]
[Result "1-0"]
[WhiteElo "2121"]
[BlackElo "1817"]
[PlyCount "125"]
[EventDate "2014.??.??"]
[WhiteClock "0:03:50"]
[BlackClock "0:51:15"]

1. e4 c5 2. c3 g6 3. d4 cxd4 4. cxd4 d5 5. exd5 Nf6 6. Nc3 Nxd5 7. Nf3 Bg7 8.
Bc4 Nb6 9. Bb3 O-O 10. O-O Nc6 11. Be3 Bg4 12. h3 Bf5 13. Qe2 Rc8 14. a3 Qc7
15. Rac1 Qb8 16. Ba2 h6 17. Rfd1 Rfd8 18. Nh4 Qd6 19. Nxf5 gxf5 20. Qh5 Qf6 21.
d5 Ne5 22. Bb1 f4 23. Ne4 Qg6 24. Qxg6 Nxg6 25. Bxb6 axb6 26. Rxc8 Rxc8 27. b3
Be5 28. Bd3 Nf8 29. Bc4 Rd8 30. Rd3 Nh7 31. Kf1 Kg7 32. Ke2 Ng5 33. Nd2 f6 34.
h4 Nf7 35. Ne4 Nd6 36. Nxd6 Bxd6 37. a4 Kf7 38. Kf3 Rg8 39. Rd1 Ke8 40. Bd3 Kf7
41. Bf5 Ra8 42. Rc1 Kg7 43. h5 Kh8 44. Rc8+ Rxc8 45. Bxc8 Kg7 46. Ke4 Kf7 47.
f3 Be5 48. Kf5 Bd6 49. Bxb7 Be5 50. Bc8 Bd6 51. Bd7 Be5 52. Ke4 Bd6 53. Kd4
Bc5+ 54. Kc4 Be3 55. Kb5 f5 56. Bxf5 Kf6 57. Be6 Ke5 58. Kc6 Bf2 59. b4 Be3 60.
a5 bxa5 61. bxa5 Kd4 62. a6 Kc3 63. Kb7 1-0

[Event "EtVaS 40v turnaus"]
[Site "Helsinki"]
[Date "2014.05.18"]
[Round "5.7"]
[White "Sorvari, Jarmo"]
[Black "Hallman, Valo"]
[Result "0-1"]
[WhiteElo "2013"]
[BlackElo "1875"]
[PlyCount "64"]
[EventDate "2014.??.??"]
[WhiteClock "0:10:39"]
[BlackClock "0:29:17"]

1. d4 d6 2. c4 e5 3. d5 g6 4. e4 Bg7 5. Bd3 Nd7 6. Nf3 Ne7 7. Nc3 O-O 8. O-O f5
9. b4 f4 10. Nd2 g5 11. Be2 Nf6 12. h3 Rf7 13. c5 Bf8 14. Nc4 Ng6 15. Ba3 Rg7
16. f3 Nh4 17. Kf2 h5 18. Rg1 g4 19. hxg4 hxg4 20. Qd3 Nh5 21. Ke1 gxf3 22.
Bxf3 Nxf3+ 23. Qxf3 Bg4 24. Qf2 Be7 25. Kd2 Bh4 26. Qf1 Ng3 27. Qd3 Qg5 28. Kc2
Rf8 29. Bc1 Qh5 30. cxd6 cxd6 31. Kb3 Ne2 32. Nxe2 Bxe2 0-1

[Event "EtVaS 40v turnaus"]
[Site "Helsinki"]
[Date "2014.05.18"]
[Round "5.8"]
[White "Lönnqvist, Henrik"]
[Black "Demidov, Jan"]
[Result "1-0"]
[WhiteElo "2059"]
[BlackElo "1924"]
[PlyCount "53"]
[EventDate "2014.??.??"]
[WhiteClock "0:42:06"]
[BlackClock "0:26:51"]

1. e4 e6 2. d4 d5 3. Nc3 Nf6 4. Bg5 Be7 5. e5 Nfd7 6. h4 c5 7. Bxe7 Kxe7 8. Qg4
Kf8 9. f4 cxd4 10. Nb5 Nc6 11. O-O-O a6 12. Nxd4 Nxd4 13. Rxd4 b5 14. Nf3 Qc7
15. h5 h6 16. Rh3 Nc5 17. Rg3 Rg8 18. Bd3 Nxd3+ 19. Rxd3 b4 20. Nd4 Bd7 21. f5
Qxe5 22. Rde3 exf5 23. Nxf5 Qb8 24. Qd4 Qb5 25. Qe5 Qc5 26. Ne7 Be6 27. Nxg8
1-0

[Event "EtVaS 40v turnaus"]
[Site "Helsinki"]
[Date "2014.05.18"]
[Round "5.9"]
[White "Tuovinen, Jukka"]
[Black "Hartio, Ilkka"]
[Result "1/2-1/2"]
[WhiteElo "2062"]
[BlackElo "2073"]
[PlyCount "28"]
[EventDate "2014.??.??"]
[WhiteClock "1:17:38"]
[BlackClock "1:24:46"]

1. e4 d5 2. exd5 Qxd5 3. Nc3 Qa5 4. d4 Nf6 5. Nf3 Bf5 6. Bd3 e6 7. Bxf5 Qxf5 8.
Ne5 Bb4 9. O-O h6 10. Nb5 Na6 11. a3 Be7 12. Qf3 Qxf3 13. Nxf3 c6 14. Nc3 O-O
1/2-1/2

[Event "EtVaS 40v turnaus"]
[Site "Helsinki"]
[Date "2014.05.18"]
[Round "5.10"]
[White "Seppänen, Ville"]
[Black "Tumanov, Dmitri"]
[Result "1-0"]
[WhiteElo "2072"]
[BlackElo "2010"]
[PlyCount "145"]
[EventDate "2014.??.??"]
[WhiteClock "0:24:48"]
[BlackClock "1:35:38"]

1. e4 e5 2. Nf3 Nf6 3. Nxe5 d6 4. Nf3 Nxe4 5. Nc3 Nxc3 6. dxc3 Be7 7. Be3 Nc6
8. Qd2 Ne5 9. O-O-O Be6 10. Nxe5 dxe5 11. Qe2 Bd6 12. c4 Qc8 13. h3 O-O 14. c5
Be7 15. f4 e4 16. g4 f5 17. Rg1 Bf6 18. Bd4 fxg4 19. hxg4 Bxd4 20. Rxd4 Rxf4
21. Rxe4 Rxe4 22. Qxe4 Bf7 23. Rh1 g6 24. Bc4 Bxc4 25. Qxc4+ Kh8 26. Qf7 Qg8
27. Qxc7 Qg7 28. Qd6 Re8 29. Rf1 Qe7 30. Qxe7 Rxe7 31. Rf4 Kg7 32. Rd4 Kf6 33.
Kd2 Kg5 34. b4 h5 35. gxh5 gxh5 36. Rd8 Rh7 37. Ke3 h4 38. Kf2 h3 39. Kg1 Rh4
40. Rd5+ Kf6 41. c3 h2+ 42. Kh1 Rh3 43. Rd7 Rxc3 44. Rxb7 Ra3 45. Kxh2 Rxa2+
46. Kg3 Ke5 47. b5 Kd5 48. c6 Kd6 49. Kf4 Rb2 50. Kf5 Rf2+ 51. Ke4 Re2+ 52. Kd4
Rd2+ 53. Kc4 Ra2 54. Rd7+ Ke6 55. Rd3 Rc2+ 56. Kb4 a6 57. bxa6 Rxc6 58. Kb5 Rc1
59. Kb6 Rb1+ 60. Kc7 Rc1+ 61. Kb7 Rb1+ 62. Ka8 Rb2 63. Rd8 Ke7 64. Rb8 Ra2 65.
a7 Kd6 66. Kb7 Rb2+ 67. Kc8 Rc2+ 68. Kd8 Rh2 69. Rb6+ Kc5 70. Rc6+ Kb5 71. Rc8
Rh8+ 72. Kc7 Rh7+ 73. Kb8 1-0